| 000 | 04161nam a22008295i 4500 | ||
|---|---|---|---|
| 005 | 20230718140323.0 | ||
| 006 | m|||||o||d|||||||| | ||
| 007 | cr || |||||||| | ||
| 008 | 221201t20212021gw fo d z ger d | ||
| 020 | _a9783839459225 | ||
| 040 |
_aDE-B1597 _beng _cDE-B1597 _erda |
||
| 041 | 0 | _ager | |
| 100 | 1 |
_aFuhrmann, Uwe, _eauthor. _4aut _4http://id.loc.gov/vocabulary/relators/aut |
|
| 245 | 1 | 0 |
_aFeminismus in der frühen Gewerkschaftsbewegung (1890-1914) : _bDie Strategien der Buchdruckerei-HilfsarbeiterInnen um Paula Thiede / _cUwe Fuhrmann. |
| 264 | 1 |
_aBielefeld : _btranscript Verlag, _c[2021] |
|
| 264 | 4 | _c©2021 | |
| 300 | _a1 online resource (216 p.) | ||
| 336 |
_atext _btxt _2rdacontent |
||
| 337 |
_acomputer _bc _2rdamedia |
||
| 338 |
_aonline resource _bcr _2rdacarrier |
||
| 347 |
_atext file _bPDF _2rda |
||
| 490 | 0 |
_aForschung aus der Hans-Böckler-Stiftung ; _v199 |
|
| 505 | 0 | 0 |
_tFrontmatter -- _tInhalt -- _tGeleitwort -- _t1 Einleitung -- _t2 Der Weg zu einer feministischen Gewerkschaft -- _t3 Gewerkschaftliche Techniken der Emanzipation -- _t4 Widerstände: Zwischen Antifeminismus und Lokalismus -- _t5 Erfolge und Effekte -- _t6 Weltfrauentag und Frauenwahlrecht -- _t7 Schlussbetrachtung -- _t8 Wissenschaftlicher Apparat |
| 506 | 0 |
_funrestricted online access _2star |
|
| 520 | _aPaula Thiede war die erste Frau, die die Leitung einer Gewerkschaft übernahm. Möglich wurde dies durch die Handlungsmacht der gut organisierten Hilfsarbeiterinnen im Druckgewerbe. Gemeinsam mit solidarischen Kollegen entwickelten sie Strategien, um die Anliegen von Gleichberechtigung und Gewerkschaftsarbeit zu verbinden und ihre Interessen erfolgreich zu vertreten. Uwe Fuhrmann geht dieser Geschichte im Deutschen Kaiserreich nach, die die vergessenen Möglichkeiten einer ganzen Epoche demonstriert - und auch heute erstaunlich aktuell ist, wenn es um die Frage nach Gleich- und Ungleichbehandlung im Sinne der Emanzipation geht. | ||
| 536 | _afunded by Hans-Böckler-Stiftung | ||
| 538 | _aMode of access: Internet via World Wide Web. | ||
| 540 |
_aThis eBook is made available Open Access under a CC BY 4.0 license: _uhttps://creativecommons.org/licenses/by/4.0 _uhttps://www.degruyter.com/dg/page/open-access-policy |
||
| 546 | _aIn German. | ||
| 588 | 0 | _aDescription based on online resource; title from PDF title page (publisher's Web site, viewed 01. Dez 2022) | |
| 650 | 0 |
_aCollective bargaining _xPrinting industry _zGermany. |
|
| 650 | 0 |
_aLabor union members _zGermany _vBiography. |
|
| 650 | 0 |
_aLabor unions _zGermany _xHistory. |
|
| 650 | 0 |
_aPrinting industry _xEmployees _xLabor unions _zGermany _xHistory. |
|
| 650 | 4 | _aArbeit. | |
| 650 | 4 | _aArbeitskampf. | |
| 650 | 4 | _aDeutsche Geschichte. | |
| 650 | 4 | _aDeutsches Kaiserreich. | |
| 650 | 4 | _aDeutschland. | |
| 650 | 4 | _aDruckerei. | |
| 650 | 4 | _aEmanzipation. | |
| 650 | 4 | _aFeminismus. | |
| 650 | 4 | _aGeschichte. | |
| 650 | 4 | _aGeschichtswissenschaft. | |
| 650 | 4 | _aGeschlecht. | |
| 650 | 4 | _aGeschlechtergeschichte. | |
| 650 | 4 | _aGesellschaft. | |
| 650 | 4 | _aSozialgeschichte. | |
| 650 | 4 | _aWirtschaftsgeschichte. | |
| 650 | 7 |
_aHISTORY / Social History. _2bisacsh |
|
| 653 | _aEconomic History. | ||
| 653 | _aEmancipation. | ||
| 653 | _aFeminism. | ||
| 653 | _aGender History. | ||
| 653 | _aGender. | ||
| 653 | _aGerman Empire. | ||
| 653 | _aGerman History. | ||
| 653 | _aGermany. | ||
| 653 | _aHistory. | ||
| 653 | _aLabour Struggle. | ||
| 653 | _aPrinting Company. | ||
| 653 | _aSocial History. | ||
| 653 | _aSociety. | ||
| 653 | _aWork. | ||
| 700 | 1 |
_aBerger, Cornelia, _econtributor. _4ctb _4https://id.loc.gov/vocabulary/relators/ctb |
|
| 710 | 2 |
_aHans-Böckler-Stiftung _efunder. _4fnd _4http://id.loc.gov/vocabulary/relators/fnd |
|
| 776 | 0 |
_cprint _z9783837659221 |
|
| 856 | 4 | 0 |
_uhttps://doi.org/10.1515/9783839459225?locatt=mode:legacy _zOpen Access _70 |
| 856 | 4 | 0 |
_uhttps://www.degruyter.com/isbn/9783839459225 _zOpen Access _70 |
| 856 | 4 | 2 |
_3Cover _uhttps://www.degruyter.com/document/cover/isbn/9783839459225/original |
| 942 | _cE-BOOK | ||
| 999 |
_c70472 _d70471 |
||